Empire (Registro nro. 242299)

Detalles MARC
000 -ENCABEZADO
Número de control [NR] 01328cam a2200277Ia 4500
005 - FECHA Y HORA DE LA ÚLTIMA TRANSACCIÓN
control field 20140903175105.0
008 - DE LONGITUD FIJA DE DATOS DE ELEMENTOS - INFORMACIÓN GENERAL
Elementos de longitud fija [NR] 140523s2000 xxuab frb 001 0 eng
020 ## - NUMERO INTERNACIONAL NORMALIZADO PARA LIBROS [R]
Número Internacional Normalizado del libro [NR] 0300097263
020 ## - NUMERO INTERNACIONAL NORMALIZADO PARA LIBROS [R]
Número Internacional Normalizado del libro [NR] 9780300097269
040 ## - FUENTE DE CATALOGACION [NR]
Agencia de catalogación original [NR] CO-BoUCM
Idioma de catalogación [NR] spa
Quien Cataloga Jose A. Gerena
Quien Clasifica Jose A. Gerena
041 ## - CODIGO DE IDIOMA [R]
Código de idioma para texto/pista de sonido o título separado [R] Inglés
100 1# - ASIENTO PRINCIPAL--NOMBRE PERSONAL [NR]
Nombre personal [NR] Lieven, Dominic
ID Autoridad 61610
245 10 - MENCION DE TITULO [NR]
Título [NR] Empire
Parte restante del título [NR] the Russian Empire and its rivals
Mención de responsabilidad, etc. [NR] Dominic Lieven
260 ## - PUBLICACION, DISTRIBUCION, ETC. (PIE DE IMPRENTA) [R]
Lugar de publicación, distribución, etc. [R] New Haven (Connecticut, Estados Unidos)
Nombre del editor, distribuidor, etc. [R] Yale University press
Fecha de publicación, distribución, etc. [R] 2000
300 ## - DESCRIPCION FISICA [R]
Extensión [R] xxiii, 486 páginas
Otros detalles físicos [NR] ilustraciones, mapas
490 1# - MENCION DE SERIE [R]
Mención de serie [R] Yale nota bene
504 ## - NOTA DE BIBLIOGRAFIA, ETC. [R]
Nota de bibliografía, etc. [NR] Incluye referencias bibliográficas e índices
505 0# - NOTA DE CONTENIDO CON FORMATO PREESTABLECIDO [R]
Nota de contenido con formato preestablecido [NR] Empire -- Empire : a word and its meanings -- Power and empire in the global context -- Empires -- The British empire -- The Ottoman empire -- The Habsburg empire -- Russia -- The Russian empire: regions, peoples, geopolitics -- The tsarist state and the Russian people -- Tsarist empire : power, strategy, decline -- The Soviet Union -- After empire.
650 #7 - ASIENTO SECUNDARIO DE MATERIA - TERMINO TEMATICO [R]
Término temático o nombre geográfico como elemento de entrada [NR] Historia
9 (RLIN) 7695
Subdivisión geográfica [R] Rusia
650 #7 - ASIENTO SECUNDARIO DE MATERIA - TERMINO TEMATICO [R]
Término temático o nombre geográfico como elemento de entrada [NR] Imperialismo
Subdivisión general [R] Historia
9 (RLIN) 17199
Subdivisión geográfica [R] Rusia
650 #7 - ASIENTO SECUNDARIO DE MATERIA - TERMINO TEMATICO [R]
Término temático o nombre geográfico como elemento de entrada [NR] Relacionales internacionales
Subdivisión general [R] Historia
9 (RLIN) 23430
Subdivisión geográfica [R] Rusia
651 #4 - ASIENTO SECUNDARIO DE MATERIA - NOMBRE GEOGRAFICO [R]
Nombre geográfico [NR] Rusia
Subdivisión general [R] Historia
9 (RLIN) 60019
690 ## - ASUNTO AGREGADO LOCAL DE ENTRADA - TÉRMINO TEMÁTICO (OCLC, RLIN)
9 (RLIN) 42846
Acceso temático local Historia de Europa
942 ## - ELEMENTOS DE ENTRADA AGREGADOS (KOHA)
Tema principal Historia
Tipo de ítem principal el descrito en 300a Libro
Edición 1
Parte restante de la signatura top. L722
Sistema de clasificación DEWEY
Clasificación 947
Existencias
Fecha de último préstamo Total préstamos Total Renewals Signatura topográfica Código de barras Última vez visto Ejemplar Costo de reposición Price effective from Tipo de ítem Perdido Sistema de clasificación Dañado No prestable Tipo de ítem específico Suprimido Ubicación habitual Ubicación actual Localización Fecha de creación Proveedor Forma de adquisición Costo
28/02/2018 6 9 947 L722 100142580 10/12/2025 Ej.1 33200.00 19/05/2014 Libro   DEWEY     Libro   Claustro Claustro 2do piso 19/05/2014 15 Compra 33200.00